Nyírbátor szállása tranzit, az örökkévalóságig - Reménytelen reménykedők /
Elmentve itt :
| Szerző: | |
|---|---|
| További közreműködők: | |
| Dokumentumtípus: | Szakdolgozat |
| Megjelent: |
1997
|
| Tárgyszavak: | |
| Online Access: | http://diploma.bibl.u-szeged.hu/40913 |
| LEADER | 00593nta a2200157 i 4500 | ||
|---|---|---|---|
| 001 | dipl40913 | ||
| 005 | 20160415100833.0 | ||
| 008 | 130715s1997 hu om 0|| zxx d | ||
| 040 | |a SZTE Diploma Repozitórium |b hun | ||
| 041 | |a zxx | ||
| 100 | 1 | |a Sebestyén Márta | |
| 245 | 1 | 0 | |a Nyírbátor szállása |h [elektronikus dokumentum] : |b tranzit, az örökkévalóságig - Reménytelen reménykedők / |c Márta Sebestyén |
| 260 | |c 1997 | ||
| 650 | 4 | |a Bölcsészettudományok | |
| 700 | 1 | |a Havas Henrik |e ths | |
| 856 | 4 | 0 | |u http://diploma.bibl.u-szeged.hu/id/eprint/40913/1/1997_sebestyen_marta.pdf |z Dokumentum-elérés |